El libro de la Gestion Municipal (Record no. 2731)
[ view plain ]
| 000 -CABECERA | |
|---|---|
| campo de control de longitud fija | 00485nam a22001457a 4500 |
| 020 ## - NUMERO INTERNACIONAL NORMALIZADO PARA LIBROS (ISBN) | |
| International Standard Book Number | 8479787538 |
| 080 ## - NUMERO DE CLASIFICACION DECIMAL UNIVERSAL (CDU) | |
| Número de la Clasificación Decimal Universal | 352.9 R664 |
| 100 ## - ASIENTO PRINCIPAL--NOMBRE PERSONAL | |
| Nombre personal | Romero, Pedro Asensio |
| 245 ## - MENCION DE TITULO | |
| Título propiamente dicho | El libro de la Gestion Municipal |
| Parte restante del título | claves de exito para politicos y directivos locales |
| 260 ## - PUBLICACION, DISTRIBUCION, ETC. (PIE DE IMPRENTA) | |
| Lugar de publicación, distribución, etc. | Buenos Aires |
| -- | Mexico |
| -- | España |
| Nombre del editor, distribuidor, etc. | Diaz de Santos |
| Fecha de publicación, distribución, etc. | 2006 |
| 300 ## - DESCRIPCION FISICA | |
| Extensión | 198 p. |
| 650 ## - ASIENTO SECUNDARIO DE MATERIA - TERMINO TEMATICO | |
| Subdivisión general | gestion municipal |
| -- | derecho municipal |
| -- | urbanismo |
| -- | medio ambiente |
| -- | obras publicas |
| 945 ## - INFORMACION DE PROCESAMIENTO LOCAL | |
| Responsable de carga/modificación | Sabrina Cecilia Abram |
| AAAA-MM-DD - Fecha de ingreso/modificación | 2014-11-20 |
| 942 ## - ELEMENTOS AGREGADOS (KOHA) | |
| Clasificación normalizada de Koha para alfabetizar | _ |
| Retirado | Perdido | Dañado | No se presta | Ubicación permanente | Locación actual | Estante o sala | Fecha de adquisición | Fuente de adquisición | Total préstamos | Total renovaciones | Signatura topográfica | Inventario | Ultima fecha vista | Ultima fecha prestado | Fecha del precio | Tipo de item de Koha |
|---|---|---|---|---|---|---|---|---|---|---|---|---|---|---|---|---|
| Bib. Derecho | Bib. Derecho | Sala de Lectura | 20/11/2014 | Biblioteca Central | 2 | 2 | 352.9 R664 | 75583 | 30/05/2017 | 30/05/2017 | 20/11/2014 | LIBRO |
